000 00387nam a22001697a 4500
003 MPLRDC
005 20220104144229.0
008 210129b ||||| |||| 00| 0 eng d
082 _a857.7 XMY v.699
100 _a星亭
245 _a盲女寻情
_c
260 _a
_b星河出版社
_c
300 _b
490 _a寻梦园系列:699
650 _a
942 _cBK
_o857.7 XMY v.699
999 _c47645
_d47635